000 00609nam a22001937a 4500
005 20170707150957.0
010 _aENG-119197
020 _a9788180642364
_c250.00
035 _aEN-102729
037 _bDBAD/PUB
082 _a307.14120954
245 _aIssues in rural livlihood /
_cedited by Sheeladitya Paul [and] Subikash Chowdhury
260 _bProgressive Publishers
_aKolkata
_c2016
270 _a37A,College Street
_bKolkata
_e700073
300 _a270p. :
_c23cm (Hb)
_bill
700 _a Paul,Sheeladitya
700 _a Chowdhury,Subikash
942 _2ddc
_cEN
_h307.14120954
_mISS
999 _c142375
_d142375